000
00212nam a2200085Ia 4500
008
120527s9999 xx 000 0 und d
100
_a
TRIPHATI, R.Bash
245
_a
Alley farming training manual vol.2
942
_c
BK
999
_c
25242
_d
25242